000 00954nam a2200277 a 4500
001 25099
003 BD-RjUL
005 20211209050830.0
008 140316r19821928enkaf b 001 0 eng
035 _a(BD-RjUL)25168
040 _aDLC
_cDLC
_dDLC
_dBD-RjUL
_beng
041 _aeng
082 0 0 _a945.080924
_219
_bTRG 1948
100 1 _aTrevelyan, George Macaulay,
_d1876-1962.
_955186
245 1 0 _aGaribaldi and the making of Italy, June--November, 1860 /
_cGeorge Macaulay Trevelyan.
260 _aLondon. :
_bGreen and co.,
_c1948.
300 _axix, 390 p. :
_bill. ;
_c23 cm.
504 _aBibliography: p. 351-374. and index.
600 1 0 _aGaribaldi, Giuseppe,
_d1807-1882.
_977241
650 0 _aExpedition of the Thousand, Italy, 1860.
_977233
651 0 _aItaly
_xHistory
_yWar of 1860-1861.
_976839
651 0 _aKingdom of the Two Sicilies
_xHistory
_y1848-1861.
_976840
942 _2ddc
_cBK
999 _c25099
_d25099